Centiloquio de encomios de los santos sacados de los evangelios que se cantan en sus festividades.

Detalles Bibliográficos
Autor principal: CRUZ, Pablo de la (Fray)
Formato: Libro
Publicado: Valladolid 1612
Materias:
Colección:Banco de datos
Acervo:Biblioteca del Museo Regional de Querétaro. INAH. Querétaro
Tema general:Homilética
Notas:Regular. Ex libris manuscrito. 4F7, 10.
LEADER 00759nam a22001930004500
035 |a 21547 
036 |a 32 
100 1 |a CRUZ, Pablo de la (Fray) 
245 1 0 |a Centiloquio de encomios de los santos sacados de los evangelios que se cantan en sus festividades. 
260 |a Valladolid  |b Diego Fernández de Córdoba imp.  |c 1612 
500 |a Regular. Ex libris manuscrito. 4F7, 10. 
650 1 0 |a Homilética 
949 |a C.R.Q. 
959 |a Ex convento Grande de San Francisco de la ciudad de Querétaro, Museo Regional de Querétaro  |b CCC2 
960 |a Convento Grande de San Francisco de la ciudad de Querétaro  |b DD68 
961 |a Franciscana  |b OF 
942 |c C.R.Q. 
943 |g Biblioteca del Museo Regional de Querétaro. INAH. Querétaro 
999 |c 977863  |d 977863